000 01020nam a2200265 a 4500
001 000022560
003 AM-YEHGA
005 20250618070836.0
008 030329s1992 ai |||||||||||||||||arm d
020 _a5540014820
040 _aAM-YeHGA
041 0 _aarm
100 1 _aՕրմանյան, Մաղաքիա
_cարքեպիսկոպոս,
_d1841-1918
_91548
245 1 0 _aԾիսական բառարան /
_cՄաղաքիա Արքեպիսկոպոս Օրմանեան ; Արևմտահայ. փոխադր.՝ Ի. Ավետիսյան, Ռ. Նազարյան; Խմբ.՝ Ի.Գ. Ավետիսյան.
260 _aԵրևան :
_bՀայաստան ,
_c1992.
300 _a182 էջ ;
_c20 սմ.
650 1 4 _aԿրոն
650 1 4 _aՔրիստոնեություն
_xԲառարան
653 0 _aՀայոց եկեղեցի
700 1 _aԱվետիսյան, Իվետա
_eփոխադր.
_4adp
700 1 _aՆազարյան, Ռոզա
_eփոխադր.
_4adp
700 1 _aԱվետիսյան, Ի.Գ.
_eխմբ.
_4edt
942 _cBK
090 _c8762
999 _c8701
_d8701